Monde de donald duck 2 - Statistiques

Statistiques générales
  • Ce quiz a été pris 92 fois
  • Le résultat moyen est 22 sur 39
Statistiques - réponses
Hint Réponse % Correct
Personnage principal donald
100%
Neveu fifi
100%
Neveu loulou
100%
L'oncle avare picsou
100%
Neveu riri
100%
L'inventeur géo
96%
La fiancée daisy
95%
Le cousin chanceux gontran
90%
L'ennemi avare de l'oncle gripsou
85%
La ville donaldville
81%
La sorcière miss tick
81%
La grand-mère elvire
73%
L'assistant de l'inventeur filament
67%
L'assistant de la grand-mère gus
67%
L'identité secrète de l'assistant de la grand-mère iron gus
67%
Le pays états-unis
66%
Les voleurs les rapetous
66%
Le cousin maladroit popop
66%
L'identité secrète du cousin maladroit super-popop
66%
L'ennemi dépensier de l'oncle flairsou
64%
L'organisation des neveux castors juniors
63%
L'identité secrète du personnage principal fantomiald
59%
La plaque d'immatriculation de la voiture du héros 313
52%
Le fondateur de la ville cornélius
52%
Le voisin lagrogne
48%
La secrétaire de l'oncle miss frappe
45%
La nièce de la fiancée zizi
45%
La nièce de la fiancée lili
40%
L'identité secrète de la fiancée fantomialde
36%
Le chef des voleur gracié
34%
L'état calisota
32%
La nièce de la fiancée lulu
27%
Le scientifique qui sait tout donald dingue
22%
L'identité secrète du cousin chanceux le trèfle
18%
Le chef de l'organisation des neveux le grand mogol
10%
Le fondateur de l'organisation des neveux clinton
7%
L'identité secrète de l'oncle avare picsoumiald
7%
Le neveux du cousin maladroit bichou
4%
La colline du coffre de l'oncle la colline killmotor
4%
Aucun quiz correspondant
Distribution des résultats
% des personnes avec chaque résultat
Percentile par nombre de réponses
Votre historique - résultats
Vous n’avez pas pris ce quiz